000 00757nam a2200241Ia 4500
003 OSt
005 20220923211252.0
006 a|||||r|||| 00| 0
007 ta
008 220922b |||||||| |||| 00| 0 pan d
020 _a9788178835655 (hbk)
_c130
024 _a242,466
037 _b7501/7, 19/11/2009, Arsee Publishers
_cTextual
040 _aARTS
_cARTS
_bpan
041 _2pan
_apan
082 _aP153:f, P9
100 _aਮਨਮੋਹਨ
245 0 _aਗੁਰਮੁਖੀ ਦੀ ਜੁਗਤ
260 _aਲੁਧਿਆਣਾ
_b ਚੇਤਨਾ ਪ੍ਰਕਾFਨ
_c2009
300 _a95ਪੰ
_ccm.
942 _hP153:f, P9
_cTEXL
_2CC
999 _c297992
_d297992